Star Wars characters by quote - Statistics

General Stats
  • This quiz has been taken 63 times
  • The average score is 11 of 14
Answer Stats
Hint Answer % Correct
I am your father. Darth Vader
100%
Never tell me the odds! Han
100%
Do or do not, there is no try. Yoda
100%
These are not the droids you're looking for. Obi-wan
98%
Noooooo! Luke
96%
Roooaaargh! Chewbacca
91%
You scruffy-looking nerf herder! Leia
89%
Chancellor, I'm here to arrest you to on orders of the senate. Mace Windu
89%
I hate sand. It's course and rough and it gets everywhere. Anakin
87%
There's always a bigger fish. Qui-gon
87%
Your faith in your friends is yours. Palpatine
51%
Why you slimy, double-crossing, no-good swindler! Lando
45%
This is the way. Mando
43%
The odds of us surviving this are C-3P0
30%
No matching quizzes found
Score Distribution
Percent of People with Each Score
Percentile by Number Answered
Your Score History
You have not taken this quiz